000 00512nam a2200169Ia 4500
005 20250508151137.0
008 008 250505s9999 xx 000 0 eng d
037 _aTextual
040 _aFEDL
_beng
_cFEDL
041 _aeng
_2eng
084 _a420.7, UNI
_qFEDL
245 0 _aBibliography of materials for the teaching of English to foreigners
260 _aWashington, USA
_bU.S. Government Printing Office
_c1947
300 _a24p
942 _cTEXL
_h420.7, UNI
999 _c1327860
_d1327860